000 00578nam a2200169 i 4500
001 129527
003 ES-MaACL
005 20251002204013.0
007 t|
008 070625s1927 sp ||||1| spa d
245 0 0 _aUn texto árabe occidental de la leyenda de Alejandro /
_cedición, traducción española y estudio preliminar por Emilio García Gómez.
260 _aMadrid :
_b[s.n.],
_c1929 (
_fEstanislao Maestre)
300 _aCLXII, 108 p. ;
_c24 cm.
700 1 _aGarcía Gómez, Emilio,
_d1905-1995
_954690
852 _aES-MaACL
_jG-13822
999 _c129527
_d129527